[Event "Wch U20 51st"]
[Site "Athens"]
[Date "2012.08.06"]
[Round "5"]
[White "Nishant, Malhotra"]
[Black "Rios, Cristhian Camilo"]
[Result "1-0"]
[WhiteElo "2076"]
[BlackElo "2398"]
[PlyCount "67"]
[EventDate "2012.08.02"]
[EventType "swiss"]
[EventRounds "13"]
[EventCountry "GRE"]
[SourceTitle "CBM 149 Extra"]
[Source "ChessBase"]
[SourceDate "2012.08.24"]
[SourceVersion "1"]
[SourceVersionDate "2012.08.24"]
[SourceQuality "1"]

1. d4 Nf6 2. c4 e6 3. Nc3 Bb4 4. f3 d5 5. a3 Bxc3+ 6. bxc3 c6 7. e3 0-0 8. Bd3 b6 9. cxd5 cxd5 10. Ne2 Ba6 11. Bxa6 Nxa6 12. 0-0 Qc8 13. Qe1 Qc4 14. Ng3 Rac8 15. Bd2 Ne8 16. e4 f6 17. e5 f5 18. Nh5 Nb8 19. Nf4 Nc7 20. Qh4 Qa4 21. Rf2 Qd7 22. g4 Nc6 23. Kh1 Ne7 24. Rg1 fxg4 25. Qxg4 Nf5 26. Qh3 Rf7 27. Nh5 Ne8 28. Rfg2 Kh8 29. Rg5 g6 30. Nf4 Ne7 31. Nxg6+ Nxg6 32. Rxg6 Ng7 33. Bg5 Rxf3 34. Rxg7 1-0

[Event "Mumbai Mayors Cup 5th"]
[Site "Mumbai"]
[Date "2012.06.08"]
[Round "2"]
[White "Czebe, Attila"]
[Black "Nishant, Malhotra"]
[Result "1-0"]
[WhiteElo "2475"]
[BlackElo "2031"]
[PlyCount "83"]
[EventDate "2012.06.07"]
[EventType "swiss"]
[EventRounds "11"]
[EventCountry "IND"]
[SourceTitle "CBM 148 Extra"]
[Source "ChessBase"]
[SourceDate "2012.06.22"]
[SourceVersion "1"]
[SourceVersionDate "2012.06.22"]
[SourceQuality "1"]

1. Nf3 d5 2. g3 Nf6 3. Bg2 g6 4. c4 Bg7 5. cxd5 Nxd5 6. 0-0 0-0 7. Nc3 Nb6 8. d3 Nc6 9. Be3 e5 10. a4 a5 11. Nb5 Nd4 12. Nfxd4 exd4 13. Bf4 c6 14. Bc7 Qd7 15. Bxb6 cxb5 16. b4 axb4 17. a5 Re8 18. Rc1 Qe6 19. Rc5 Bf8 20. Rd5 Bd7 21. Rxd4 Bc6 22. e3 b3 23. Bxc6 bxc6 24. Re4 Qd5 25. Rxe8 Rxe8 26. e4 Qe6 27. d4 Qc4 28. d5 cxd5 29. exd5 Bd6 30. a6 Ra8 31. a7 Bc5 32. Bxc5 Qxc5 33. d6 Qxa7 34. Qxb3 Qd7 35. Qd5 Re8 36. Qd4 h5 37. Ra1 Kh7 38. Ra7 Qe6 39. h4 Rd8 40. Re7 Qf5 41. d7 Qb1+ 42. Kh2 1-0

[Event "Bhubaneswar op 3rd"]
[Site "Bhubaneswar"]
[Date "2011.05.28"]
[Round "1"]
[White "Murshed, Niaz"]
[Black "Nishant, Malhotra"]
[Result "1/2-1/2"]
[WhiteElo "2455"]
[BlackElo "1888"]
[PlyCount "60"]
[EventDate "2011.05.28"]
[EventType "swiss"]
[EventRounds "11"]
[EventCountry "IND"]
[SourceTitle "CBM 142 Extra"]
[Source "ChessBase"]
[SourceDate "2011.06.27"]
[SourceVersion "1"]
[SourceVersionDate "2011.06.27"]
[SourceQuality "1"]

1. d4 d5 2. c4 c6 3. Nc3 dxc4 4. e4 b5 5. a4 b4 6. Na2 e6 7. Bxc4 Nf6 8. e5 Nd5 9. Nf3 Be7 10. 0-0 a5 11. Bd2 Nd7 12. Nc1 Bb7 13. Nb3 c5 14. Nxc5 Nxc5 15. dxc5 Bxc5 16. Bb5+ Kf8 17. Rc1 Qb6 18. Qe2 h6 19. Rc4 Ke7 20. Rfc1 Rac8 21. h4 Rc7 22. Rg4 Rhc8 23. Rf1 Kf8 24. h5 Ne7 25. Nh4 Rd8 26. Bc1 Bc6 27. Bxc6 Qxc6 28. Qc2 Rd4 29. Rxd4 Bxd4 30. Qxc6 g5 1/2-1/2